Перельман Владимир Александрович. По вопросу об отчете по сапожной артели. Приложен черновик ответа Звегинцова А. И.

Доступно только в Электронных читальных залах Найти на картеНа карте
RUSMARC
00004605nac2a22003013x 450
001f900d621-d8db-4558-a368-651dfbb4a209
00520211209143246.0
100##$a20211120l19061906k y0rusy50 ca
1010#$arus
102##$aRU
105##$ay z |||||
1222#$ad19060215
$ad19060114
2001#$aПерельман Владимир Александрович. По вопросу об отчете по сапожной артели. Приложен черновик ответа Звегинцова А. И.
$j15 февраля 1906 - 14 января
215##$a6 листов
251##$cДело
300##$aЗаголовок дела на папке: Письма Перельмана Владимира Александровича - Звегинцеву Ал. Ив. (По вопросу об отчете по сапожной артели. Приложена копия ответа Звегинцева Ал. Ив.)
300##$aНа папке дела: 15 февраля 1906-1907 14 января
300##$aРукописный текст
324##$aВ деле имеются копии отдельных документов
330##$aВходит в раздел описи: 1. Письма к А. И. Звегинцову. 3/ Письма имущественно-хозяйственного характера
461#0$1001fc48e33c-c630-4015-85dd-2f2aab656f45
$12001
$aЗвегинцев Александр Иванович, помещик Воронежской губернии, депутат III Государственной думы, член партии "Союз 17 октября"
$1251
$cФонд
$1852
$j932
462#0$1001ddcf82e7-7bd9-4c5e-b7f1-85df8b3febb3
$12001
$aДела постоянного хранения. 1899-1913 гг.
$vД. 602
$1251
$cОпись
$1852
$j1
5171#$aПисьма Перельмана Владимира Александровича - Звегинцеву Ал. Ив. (По вопросу об отчете по сапожной артели. Приложена копия ответа Звегинцева Ал. Ив.)
600#1$aЗвегинцев
$bА. И.
$gАлександр Иванович
600#1$aПерельман
$bВ. А.
$gВладимир Александрович
801#0$aRU
$bGA_RF
801#1$aRU
$bГлавНИВЦ
$c20211120
$2rusmarc
801#2$aRU
$bПБ им. Б.Н. Ельцина
$c20211209
$gRCR
$2rusmarc
852##$aГА РФ
$j602
937##$d171350261
$hГАРФ
035##$aRuPRLIB51062186
856##$uhttp://readingroom.main.prlib.ru/item.aspx?id_node=n171350261&mode=full
Формат отображения